[Event "Cheliabinsk Region-ch op"]
[Site "Cheliabinsk"]
[Date "2008.08.24"]
[Round "7"]
[White "Sotnikov, Alexander I"]
[Black "Shangin, Valery"]
[Result "0-1"]
[WhiteElo "2283"]
[BlackElo "2256"]
[PlyCount "88"]
[EventDate "2008.08.03"]
[EventType "swiss"]
[EventRounds "9"]
[EventCountry "RUS"]
[SourceTitle "EXT 2022"]
[Source "ChessBase"]
[SourceDate "2021.10.06"]
[SourceVersion "1"]
[SourceVersionDate "2021.10.06"]
[SourceQuality "1"]

1. Nf3 g6 2. d4 c5 3. c3 Bg7 4. dxc5 Na6 5. Be3 Qc7 6. Nbd2 Nxc5 7. Bd4 Nf6 8. h3 0-0 9. g4 h6 10. Bg2 d6 11. c4 e5 12. Be3 d5 13. Bxc5 Qxc5 14. Nxe5 dxc4 15. Nexc4 Be6 16. Ne3 Rfd8 17. Qc2 Qa5 18. Qc3 Qb6 19. Nec4 Qc7 20. Ne5 Qe7 21. f4 Nd5 22. Bxd5 Qh4+ 23. Kf1 Bxd5 24. e4 Rac8 25. Qe3 Be6 26. Nef3 Qg3 27. Rh2 Bd4 28. Qe1 Qxf4 29. Rc1 Bxb2 30. Rxc8 Rxc8 31. Qf2 Bc1 32. Ke1 Bxa2 33. Rg2 a5 34. Qb6 Bxd2+ 35. Nxd2 Rc1+ 36. Ke2 Bc4+ 37. Nxc4 Rc2+ 38. Kd3 Rxg2 39. Qxb7 Rg3+ 40. Kd4 Qf6+ 41. Kc5 Rc3 42. Qc8+ Kg7 43. Kb5 Qd4 44. Qc6 Qxc4+ 0-1

[Event "Cheliabinsk Region-ch op"]
[Site "Cheliabinsk"]
[Date "2008.08.10"]
[Round "2"]
[White "Shangin, Valery"]
[Black "Matiushinsky, Vladimir"]
[Result "1-0"]
[WhiteElo "2256"]
[BlackElo "2053"]
[PlyCount "91"]
[EventDate "2008.08.03"]
[EventType "swiss"]
[EventRounds "9"]
[EventCountry "RUS"]
[SourceTitle "EXT 2022"]
[Source "ChessBase"]
[SourceDate "2021.10.06"]
[SourceVersion "1"]
[SourceVersionDate "2021.10.06"]
[SourceQuality "1"]

1. d4 Nf6 2. Nf3 e6 3. Bg5 Be7 4. Nbd2 d5 5. e3 Ne4 6. Bxe7 Qxe7 7. Nxe4 dxe4 8. Nd2 0-0 9. Bc4 e5 10. 0-0 exd4 11. exd4 e3 12. Qe2 exf2+ 13. Qxf2 Nc6 14. Rae1 Qd7 15. c3 Na5 16. Qxf7+ Rxf7 17. Rxf7 Nxc4 18. Rxd7 Bxd7 19. Nxc4 Re8 20. Rxe8+ Bxe8 21. Ne5 Kf8 22. Kf2 Ke7 23. Ke3 Ke6 24. Ke4 c6 25. c4 a5 26. d5+ cxd5+ 27. cxd5+ Kf6 28. Nc4 a4 29. Nd6 Bg6+ 30. Kd4 b6 31. a3 Bc2 32. Nc4 b5 33. Nd6 g5 34. Nxb5 Kf5 35. d6 Ke6 36. Kc5 Kd7 37. Nc3 h5 38. Nd5 h4 39. Nf6+ Kd8 40. d7 Bf5 41. Kd6 g4 42. Ke5 Bd3 43. Kf4 Bb5 44. Kxg4 Bxd7+ 45. Nxd7 Kxd7 46. Kxh4 1-0

[Event "Cheliabinsk City-ch"]
[Site "Cheliabinsk"]
[Date "2008.01.27"]
[Round "9"]
[White "Lefebr, Vladislav"]
[Black "Shangin, Valery"]
[Result "0-1"]
[WhiteElo "1987"]
[BlackElo "2239"]
[PlyCount "47"]
[EventDate "2008.01.10"]
[EventType "tourn"]
[EventRounds "9"]
[EventCountry "RUS"]
[SourceTitle "EXT 2009"]
[Source "ChessBase"]
[SourceDate "2008.11.26"]
[SourceVersion "1"]
[SourceVersionDate "2008.11.26"]
[SourceQuality "1"]

1. e4 c5 2. c3 Nf6 3. e5 Nd5 4. d4 cxd4 5. cxd4 Nc6 6. Nf3 d6 7. Bc4 Nb6 8. Bb5 dxe5 9. Nxe5 Bd7 10. Nxd7 Qxd7 11. Nc3 e6 12. 0-0 Be7 13. Qg4 0-0 14. Bh6 Bf6 15. Ne4 Qxd4 16. Rad1 Qe5 17. Nxf6+ Qxf6 18. Bg5 Qg6 19. Bd3 f5 20. Qg3 Nd5 21. Rfe1 Rae8 22. Bc4 f4 23. Qg4 Rf5 24. Bd3 0-1

[Event "Cheliabinsk Region Cup 5th"]
[Site "Cheliabinsk"]
[Date "2007.09.05"]
[Round "4"]
[White "Matveev, Stanislav"]
[Black "Shangin, Valery"]
[Result "0-1"]
[WhiteElo "2025"]
[BlackElo "2264"]
[PlyCount "86"]
[EventDate "2007.09.02"]
[EventType "swiss"]
[EventRounds "9"]
[EventCountry "RUS"]
[SourceTitle "EXT 2022"]
[Source "ChessBase"]
[SourceDate "2021.10.06"]
[SourceVersion "1"]
[SourceVersionDate "2021.10.06"]
[SourceQuality "1"]

1. e4 c5 2. Nf3 d6 3. d4 cxd4 4. Nxd4 Nf6 5. Nc3 g6 6. Be3 Bg7 7. f3 Nc6 8. Qd2 0-0 9. Bc4 Nxd4 10. Bxd4 Be6 11. Bb3 Qa5 12. 0-0 b5 13. Bxe6 fxe6 14. a3 Nd7 15. Bxg7 Kxg7 16. Qg5 Rf6 17. Qxb5 Qc7 18. Rab1 Rb8 19. Qa4 Nb6 20. Qa5 Rff8 21. Kh1 Rb7 22. Rfd1 Rc8 23. Ne2 Nc4 24. Qc3+ Kf7 25. b4 Nb6 26. Qe3 e5 27. c3 Nc4 28. Qh6 Kg8 29. a4 Qb6 30. Rf1 Qa6 31. f4 e6 32. fxe5 dxe5 33. Rf6 Qd6 34. Rbf1 Rg7 35. Nc1 Nd2 36. Rd1 Qe7 37. Qxd2 Qxf6 38. Nb3 Rf7 39. h3 Qh4 40. Nc5 Rcf8 41. Nxe6 Rf3 42. Qg5 Qxg5 43. Nxg5 Rxc3 0-1

[Event "Cheliabinsk Region Cup 5th"]
[Site "Cheliabinsk"]
[Date "2007.09.02"]
[Round "1"]
[White "Shangin, Valery"]
[Black "Lefebr, Vladislav"]
[Result "1-0"]
[WhiteElo "2264"]
[BlackElo "1997"]
[PlyCount "79"]
[EventDate "2007.09.02"]
[EventType "swiss"]
[EventRounds "9"]
[EventCountry "RUS"]
[SourceTitle "EXT 2022"]
[Source "ChessBase"]
[SourceDate "2021.10.06"]
[SourceVersion "1"]
[SourceVersionDate "2021.10.06"]
[SourceQuality "1"]

1. d4 d5 2. Nf3 Nf6 3. Bg5 Nbd7 4. Nbd2 e6 5. e3 Be7 6. Bd3 c5 7. c3 Qc7 8. 0-0 0-0 9. Qe2 c4 10. Bc2 b5 11. e4 dxe4 12. Nxe4 Bb7 13. Rfe1 Rfe8 14. Ng3 Nd5 15. Bxe7 Nf4 16. Qe3 Rxe7 17. Ne4 f6 18. a4 bxa4 19. Rxa4 Nb6 20. Raa1 Nbd5 21. Qd2 g5 22. g3 Ng6 23. Nc5 Ndf4 24. Nxb7 Nh3+ 25. Kf1 Qxb7 26. Be4 Qc8 27. Ng1 g4 28. Nxh3 gxh3 29. Qh6 Rb8 30. Re2 f5 31. Bf3 Rb6 32. Qxh3 Qb8 33. Ra2 Kg7 34. Qh5 Qd6 35. Qg5 h6 36. Qd2 Rd7 37. Qe3 Rb5 38. Qxe6 Qxe6 39. Rxe6 Rc7 40. Rc6 1-0